000 00809nam a2200253 a 4500
001 54423
003 BD-RjUL
005 20211209080122.0
008 161106s1987 ii ba 001 0 eng
020 _a0803995288 (U.S.)
035 _a(BD-RjUL)54545
040 _aDLC
_cDLC
_dBD-RjUL
_beng
041 _aeng
082 0 0 _a155.40954
_223
_bSAD 1987
100 1 _aSaraswati, T. S.
_9162416
245 1 0 _aDevelopmental psychology in India, 1975-1986 :
_ban annotated bibliography /
_cT.S. Saraswathi, Ranjana Dutta ; assisted by Anjoo Sikka.
260 _aNew Delhi ;
_bSage Publications,
_c1987.
300 _a327 p. ;
_c23 cm.
500 _aIncludes index.
650 0 _aChild psychology
_zIndia
_9162417
700 1 _aDutta, Ranjana,
_d1961-
_9162419
700 1 _aSikka, Anjoo.
_9162420
942 _2ddc
_cBK
999 _c54423
_d54423